Các món canh chế biến từ thịt, cá, tôm, và rau củ quả

Đã lưu trong:
Bibliografiske detaljer
Hovedforfatter:  Ngọc Lan
Format: Sách
Sprog:Undetermined
Udgivet:  Thanh Niên  2008
Fag:
Tags: Tilføj Tag
Ingen Tags, Vær først til at tagge denne postø!
Thư viện lưu trữ: Trung tâm Thư viện - Trường Đại học Công nghiệp TP. Hồ Chí Minh
LEADER 00510nam a2200157Ia 4500
001 UIH_06751
008 231011s9999 xx 000 0 und d
082 |a  641.5 
100 |a  Ngọc Lan 
245 0 |a  Các món canh chế biến từ thịt, cá, tôm, và rau củ quả 
245 0 |c  Ngọc Lan 
260 |b  Thanh Niên 
260 |c  2008 
650 |a  Thực phẩm;  
927 |a Sách 
980 |a Trung tâm Thư viện - Trường Đại học Công nghiệp TP. Hồ Chí Minh